000 00940namaa2200301 a 4500
001 vtls000979190
003 NLI
005 20210627100426.0
008 120209s1975 dcu i000 0 eng
039 9 _y201202091916
_zVLOAD
040 _aNLI
_cVTLS-2010_FOD
_eAACR2
041 0 _aeng
044 _adcu
082 0 4 _a363.7284
100 1 _aLauch, Richard P.
_9920306
245 1 0 _aApplication and procurement of automatic wastewater samplers /
_cby Richard P. Lauch
260 _aWashington, D.C. :
_bU.S. Environmental Protection Agency,
_c1975
300 _avi, 24 p. ;
_c27 cm.
440 0 _aEnvironmental monitoring series
_9712989
500 _aApril 1975
650 0 _awastewater
710 1 _aUnited States.
_bOffice of research and development
887 _a
901 _aAD57302
_b21.08.1976
902 _aU.S 363.7284 L 362
949 _AVIRTUAITEM
_D10000
_X100
_6ADX000057302ENG
942 _2ddc
_cBKS
999 _aVIRTUA40
_c802421
_d802421